| 000 | 02430cam a22002897a 4500 | ||
|---|---|---|---|
| 005 | 20160122155656.0 | ||
| 008 | 960501s1996 vauab b 000 0 eng d | ||
| 020 | _a1886765022 | ||
| 040 |
_aDGU _cDGU _dGZT _dOCL _dFUG _dDLC _dCO-BOIAvH |
||
| 041 | _aeng | ||
| 044 | _axxu | ||
| 082 | 0 | 0 |
_a333.9516 _bR31t |
| 245 | 0 | 0 |
_aTraditional peoples and biodiversity conservation in large tropical landscapes / _ceditado por Kent H. Redford yJane A. Mansour. |
| 260 |
_aArlington, VA : _bNature Conservancy, _c1996. |
||
| 300 |
_axi, 267 páginas : _bilustraciones., mapas ; _c26 centímetros. |
||
| 500 | _a"America Verde publications." | ||
| 504 | _aIncluye refernecias bibliográficas | ||
| 505 | 0 | _aEstudios de caso. La Reserva BOSAWAS Natural y los Mayangna de las poblaciones de Nicaragua / Anthony - Los indios Kuna y conservación / Jorge Ventocilla ... - Los cimarrones de Jamaica [et al.]: Una con la madre tierra / Janet Bedasse y Nella Stewart - El Quichua y pueblos Huaorani y el Parque Nacional Yasuní, Ecuador / Jorge Trujillo León - Parque Nacional Sumaco, Ecuador: Cambio y continuidad en la economía indígena y los desafíos de la conservación de la biodiversidad / Natalia Wray y Jorge Alvarado - El Xikrin do Catet e Área Indígena / Isabelle Vidal Giannini - El manejo de las áreas de conservación de las poblaciones tradicionales: el caso del Alto Juruá Extractivas Reserva / Mauro WB Almeida - La Reserva Mbaracayú y el Ache de Paraguay / Kim Hill, en consulta con Tito Tikorangi - Síntesis. La biodiversidad no va a alimentar a nuestros hijos / Richard Chase, Smith - los pueblos tradicionales, los tiempos no tradicionales: el cambio social y las implicaciones para la conservación de la biodiversidad / Katrina Brandon - En un terreno común: Conservación de la Naturaleza y de los pueblos tradicionales: el Río Chagres, Panamá Taller / Allyn MacLean Stearman - Llegar a la conservación / Kent H. Redford. | |
| 650 | 0 |
_aConservación de la biodiversidad _zLatinoamerica |
|
| 650 | 0 |
_aConservación de la biodiversidad _zRegión Caribe |
|
| 650 | 0 |
_aIndígenas de sur América _xAspectos económicos |
|
| 650 | 0 |
_aIndians of South America _xSocial conditions. |
|
| 700 | 1 |
_aRedford, Kent Hubbard. _eeditor |
|
| 700 | 1 |
_aMansour, Jane A. _eeditora |
|
| 942 |
_2ddc _cLIBRO |
||
| 999 |
_c1413 _d1413 |
||